Statistiques concernant Frontières polonaises

Cliquez ici pour prendre le quiz!

Statistiques générales

  • Ce quiz a été pris 3,800 fois
  • Le résultat moyen est 6 sur 7

Statistiques - réponses

Longueur (km) Pays % Correct
467Allemagne
99%
796République tchèque
93%
210Russie (Kaliningrad)
92%
418Biélorussie
91%
104Lituanie
89%
541Slovaquie
89%
535Ukraine
88%

Distribution des résultats

Percentile by Number Answered

% des personnes avec chaque résultat

Votre développement - résultats

Vous n’avez pas pris ce quiz